| 000 | 00740cam a2200265 4500 | ||
|---|---|---|---|
| 008 | 031009n2002 000 0 eng u | ||
| 020 | _a1860815863 | ||
| 035 | _a(Sirsi) u123892 | ||
| 041 | _aeng | ||
| 050 |
_a694.01 _c18 |
||
| 100 | _aAnderson, Jane | ||
| 245 |
_aLife cycle impacts of timber _ba review of the environmental impacts of wood products in construction |
||
| 260 |
_aLondon _bCRC _c2002 |
||
| 300 |
_a8p. _c30cm. |
||
| 350 | _a10.50 | ||
| 490 |
_aBRE Digest _v470 |
||
| 650 | _aLIFE CYCLE ASSESSMENT | ||
| 650 | _aENVIRONMENTAL PERFORMANCE | ||
| 650 | _aTIMBER | ||
| 690 | _aBUILT ENVIRONMENT-BUILDING MATERIALS | ||
| 700 | _aEdwards, Suzy | ||
| 700 | _aMundy, Jo | ||
| 700 | _aBonfield, Pete | ||
| 942 | _n0 | ||
| 999 |
_c103109 _d103109 |
||